[Event "Dos Hermanas"]
[Site "Dos Hermanas"]
[Date "1996.05.27"]
[Round "6"]
[White "Shirov, Alexei"]
[Black "Gelfand, Boris"]
[Result "1-0"]
[WhiteElo "2690"]
[BlackElo "2700"]
[Annotator "Shirov,A"]
[PlyCount "119"]
[EventDate "1996.05.21"]
[EventType "tourn"]
[EventRounds "9"]
[EventCountry "ESP"]
[EventCategory "19"]
[SourceTitle "CBM 053"]
[Source "ChessBase"]
[SourceDate "1996.08.01"]
[SourceVersion "1"]
[SourceVersionDate "1996.08.01"]
[SourceQuality "1"]

{My only victory in Dos Hermanas was a truly interesting game but with many
mistakes. Still it gave me some sense of creativity which makes me less
pessimistic for future.} 1. e4 c5 2. Nf3 d6 3. d4 cxd4 4. Nxd4 Nf6 5. Nc3 a6 6.
Be2 {I had not employed this move before the present game but it has already
been too much of} (6. Be3 {against Boris.}) 6... e5 7. Nb3 Be7 8. O-O O-O 9.
Kh1 Qc7 $1 {This very natural plan has surprisingly occured very seldom in the
tournament practise so far. Black avoids the line} (9... b5 10. a4 {but
nevertheless he wants to place his bishop on b7.}) 10. f4 {The flexibility of
Black's 9th move would be seen after} (10. a4 Be6 {and White has already
weakened his queenside.}) 10... b5 {This is the point.} 11. fxe5 {Having found
myself in a new situation I went for an unusual plan. Despite Black's
excellent development and control over the centre White still hopes to attack
enemy king one day. The pawn assault doesn't seem very promising, for example
in the game Zarnicki-Sadler (Buenos Aires 1995) Black got an excellent
counterplay after} (11. Bf3 Nbd7 12. a3 Bb7 13. f5 Rac8 14. g4 d5 $5 15. exd5
e4 $1) 11... dxe5 12. Bg5 $5 $146 Nbd7 13. Bd3 Bb7 14. Qf3 h6 15. Bd2 $1 {After
} (15. Bh4 Nb6 {/\16...Nh7 it would be difficult to create any attack.}) 15...
Nb6 $1 16. Qg3 {This natural move in fact proves to be unpretentious. I should
have tried} (16. Rae1 $5 {with a very complicated game.}) 16... Kh8 {Boris is
being ambitious. After the game he admitted that he rejected} (16... Nh5 {
in view of} 17. Qg4 (17. Qh3 $6 {was in fact my intention but it would just
yield Black a slightly better position after} Nf4 18. Bxf4 exf4 $15) 17... Nf6
18. Qg3 (18. Rxf6 $2 Bxf6 19. Bxh6 {is completely unsound because of} Bc8 20.
Qg3 Be6 $17) 18... Nh5 {and White has nothing better than to repeat the
position.}) 17. Rf5 $1 {Going for broke!} Bc8 {This lets White to get a very
dangerous attack by force. I actually expected} (17... b4 18. Raf1 $1 (18. Nd5
Nbxd5 19. exd5 Bxd5 {is no better for White}) 18... bxc3 19. Bxh6 g6 {
(otherwise Black gets mated, for example} (19... gxh6 $2 20. Rxf6 Bxf6 21. Rxf6
Kh7 22. Qh4 $18 {or}) (19... Ne8 $2 20. Bxg7+ Nxg7 21. Rxf7 Rxf7 22. Rxf7 $18 {
)and I think that the best way now is}) 20. Rxf6 $1 (20. bxc3 Nbd7 {is
probably slightly better for Black.}) 20... Bxf6 21. Rxf6 cxb2 22. Rf1 {
with a very unclear game. Also worth considering is}) (17... Nc4 {But I
believe that by playing} 18. Raf1 $1 Nxd2 (18... Nxb2 $2 19. Bxh6 gxh6 20. Rxf6
Bxf6 21. Rxf6 $18) 19. Nxd2 {White gets better prospects.}) 18. Rxe5 $1 {
Of course!} Bd6 19. Bf4 g5 {[#]Taking the exchange would yield White total
domination.} 20. Rc5 $1 {It's funny when the only move in the position is at
the same time the most spectacular one.} gxf4 21. Qh4 Bxc5 22. Qxf6+ Kg8 {
So far everything forced. But now I had to start thinking. White has several
ways for the perpetual check but I wanted more.} 23. Nxc5 Qxc5 24. e5 $1 Bb7 $6
{Now Black gets into serios trouble.} (24... Nd7 $1 {was to be played and after
} 25. Qf5 {not} Re8 $1 (25... Rd8 26. Qh7+ Kf8 27. Qxh6+ Ke8 (27... Ke7 28.
Qh4+ Ke8 29. Ne4 Qxe5 30. Re1 $18) 28. Ne4 $1 {and White's attack is decisive
but}) 26. Qh7+ Kf8 27. Qxh6+ Ke7 28. Qg5+ (28. Be4 Nb6 $1 $13) 28... Kf8 {
and I see nothing better than} 29. Qh6+ {with a draw.}) 25. Qxh6 f5 26. exf6
Rf7 {The only defence.} (26... Qc7 27. Qg5+ $1 Kh8 28. Re1 {would be hopeless.}
) 27. Qg6+ Kf8 28. Qh6+ Kg8 29. Rf1 $1 Re8 30. Qg6+ Kf8 31. Qh6+ Kg8 {[#]} 32.
Bg6 $6 {I saw the variation} (32. Bh7+ Rxh7 33. Qg6+ Kf8 34. Qxh7 Bxg2+ 35.
Kxg2 Qc6+ 36. Rf3 Qxf6 {but I forgot that then I would have} 37. Ne4 {.After}
Qg7+ 38. Qxg7+ Kxg7 39. Rxf4 Nc4 $140 40. Nc5 $1 {Black's chances of survival
are minimal. After the text White is still better but the position gets much
more complicated especially for the time trouble.}) 32... Qc4 33. Bxf7+ Qxf7
34. Qg5+ (34. Qxf4 {would guarantee me the advantage but I was still looking
for a forced way.}) 34... Kh8 35. Qh4+ Qh7 36. f7 Rf8 37. Qxf4 (37. Qf6+ Qg7 {
is just another move repetition.}) 37... Qg6 38. Rf2 Nc8 {Afterwards Gelfand
was unhappy about this move and he proposed} (38... Nc4 {White's best answer
then is} 39. Ne2 $1 $16) 39. h4 $2 (39. Ne2 $1 $18 {would be especially
effective now.}) 39... Kh7 40. Kg1 $6 Qh6 $2 {As it often happens the control
move is the worst in the game. After} (40... Nd6 {it would already be White
who has to look for a draw. Still it seems he can achieve it by continuing} 41.
Qe5 Rxf7 42. Qxd6 Qxd6 43. Rxf7+ Kg6 44. Rxb7 {.}) 41. Qe5 $1 {Now White is
better again.} Qd6 (41... Qg7 $142 42. Qc7 b4 43. Qxb7 bxc3 44. bxc3 Nd6 45.
Qxa6 Nxf7 46. Qd3+ $16) 42. Qe2 $1 Kg7 (42... b4 43. Ne4 $18) 43. Qg4+ Qg6 44.
Qd4+ Kh7 45. h5 $1 Qc6 (45... Qxh5 $2 46. Rf4 {would lose immediately. I
expected}) (45... Qd6 46. Qg4 $1 Qh6 {since} (46... Ne7 $2 {is bad in view of}
47. Qg5 $18)) 46. Qd3+ (46. Qg4 {would still be answered by} Qh6 $8 {and after
all lead to the same thing.}) 46... Kh8 47. Qf5 Qh6 48. Qe5+ (48. Nd5 $1 $16 {
was the right thing to do.}) 48... Qg7 49. Qc7 $6 {White is losing his way.
Better would be} (49. Qf4 $1 $16) 49... b4 50. Ne2 (50. Qxb7 bxc3 51. bxc3 Nd6
$132) 50... Bd5 51. h6 {It is not clear whether White has any winning chances
in the endgame arising after} (51. Nf4 Bxf7 52. Ne6 Bxe6 53. Qxg7+ Kxg7 54. h6+
Kg8 55. h7+ Kxh7 56. Rxf8 Kg7 {but maybe I should have chosen}) (51. Qc5 $5
Bxf7 52. Qxb4 {holding the edge.}) 51... Qg5 52. Qc5 (52. Qf4 $6 Qxf4 53. Nxf4
Ne7 54. Nxd5 Nxd5 {would be just unclear.}) 52... Ne7 53. Ng3 $2 {During the
game I thought this was brilliant but in fact... By playing} (53. c4 $1 bxc3
54. Nxc3 Rxf7 55. Ne4 Qxh6 56. Rxf7 Bxf7 57. Qxe7 {I would still have good
winning chances in the endgame.}) 53... Qc1+ $4 {Both opponents missed simple}
(53... Qxg3 54. Qxe7 Qxf2+ $1 {(first indicated by Miguel Najdorf)} 55. Kxf2
Rxf7+ 56. Qxf7 Bxf7 {with the draw after} 57. a3 {.}) 54. Nf1 {Now it's all
over.} Qg5 55. Ne3 {Black is losing his extra piece after all.} Kh7 56. Nxd5
Qxd5 57. Qxe7 Qd1+ 58. Rf1 Qd4+ 59. Kh1 Kg6 60. Qe6+ 1-0

[Event "Dresden zt 1.2"]
[Site "Dresden"]
[Date "1998.04.29"]
[Round "2"]
[White "Zelcic, Robert"]
[Black "Sutovsky, Emil"]
[Result "0-1"]
[WhiteElo "2540"]
[BlackElo "2595"]
[Annotator "Sutovsky,E"]
[PlyCount "72"]
[EventDate "1998.04.28"]
[EventType "swiss"]
[EventRounds "11"]
[EventCountry "GER"]
[SourceTitle "CBM 065"]
[Source "ChessBase"]
[SourceDate "1998.08.06"]
[SourceVersion "1"]
[SourceVersionDate "1998.08.06"]
[SourceQuality "1"]

1. e4 c5 2. Nf3 d6 3. d4 cxd4 4. Nxd4 Nf6 5. Nc3 a6 6. Be2 e5 7. Nb3 Be7 8. O-O
O-O 9. Kh1 Nc6 {Rare move-9...Qc7 and 9...Be6 much more popular} 10. f4 b5 $6 {
Probably,stronger 10...a5 ,like it was in the famous game Kkasparov-Gelfand:} (
10... a5 11. a4 Nb4 12. Bf3 Qb6 13. g4 exf4 14. Bxf4 Nd7 15. Nd4 g6 16. Bh6 Re8
17. Nf5 gxf5 18. gxf5 $44 {1-0 Kasparov,G-Gelfand,B/Amsterdam VSB 1996 (35)})
11. a4 (11. Bf3 Na5 12. Nxa5 Qxa5 13. fxe5 dxe5 14. Nd5 Nxd5 15. Qxd5 Qc7 16.
Qxa8 Bb7 17. Qxf8+ Bxf8 18. Bg5 h6 19. Bh4 Be7 20. Bxe7 Qxe7 $11 {1-0
Sutovskij Emil-Colovic Aleksandar/Ch World (cadets) (under 1994 (54)}) 11...
Bb7 {The position after 11...b4 looks quite dangerous for black, still it
maybe not so clear:} (11... b4 12. Nd5 Nxe4 13. Bf3 f5 $13) 12. axb5 axb5 13.
Rxa8 Qxa8 14. Bxb5 {Also 14...Na7 wouldn't give equality,e.g.:} Nb4 (14... Na7
15. Bd3 (15. Bc4 $5) 15... Nxe4 16. Bxe4 Bxe4 17. Qe2 (17. Nxe4 Qxe4 18. Re1
$14) 17... Bb7 18. Na5 $14) 15. Qe2 $5 (15. Nd2 $5 {keeps the pawn,but the
pieces would stand very passive.}) 15... Nxe4 16. Nxe4 Bxe4 17. c3 Bd5 $8 18.
cxb4 Bxb3 19. fxe5 Bd5 20. exd6 (20. Bf4 $5 dxe5 21. Bxe5 Bxb4 22. Qg4 (22. Bc4
$6 Re8 $1 (22... Bxc4 $2 23. Qg4 g6 24. Qxc4 $16)) 22... f6 23. Bxf6 Rxf6 24.
Rxf6 Bxg2+ 25. Qxg2 Qxg2+ 26. Kxg2 gxf6 $11) 20... Bxd6 21. Bd2 Qc8 {with the
idea Qc8-h3,pushing white's king to g1} (21... Qb7 22. Bc3 Rb8 23. Bc4 $16) (
21... Rb8 $5 22. Bc4 Qb7 23. b3 $14) 22. Kg1 Qd8 (22... Qc7 23. h3 $14 {
And white is better,black can't win the b4 pawn in a view of:} Rb8 24. Bd3 Bxb4
$2 25. Bxb4 Qb6+ 26. Kh1 (26. Rf2 Qxb4 27. Bxh7+ Kxh7 28. Qh5+ Kg8 29. Qxd5 $16
) 26... Qxb4 27. Qh5 Bxg2+ 28. Kxg2 Qxb2+ 29. Rf2 Qb7+ 30. Kg1 g6 31. Qe5 $16)
23. h3 Qh4 24. Qf2 Qe4 (24... Qxf2+ 25. Kxf2 $1 Rb8 26. Be2 $16 Bxb4 $2 27.
Bxb4 Rxb4 28. Rd1 $16) 25. Re1 Qg6 26. Rd1 $1 Bg3 27. Qe2 Bb8 $5 {Interesting,
beautiful, but,objectively,not good enough.} 28. Bc3 Ba8 29. Qf2 $4 $138 {
[%csl Yf2,Yg1,Gg2]} (29. Qg4 $1 $16 Qxg4 (29... Qb6+ 30. Bd4) 30. hxg4 Bf4 $16)
29... Ba7 $1 30. Bd4 Rd8 $1 $19 {Now it's all over.} 31. Bf1 Qe4 32. Bxa7 Rxd1
33. Bc5 Bc6 34. Qg3 h6 35. b5 Bxb5 36. Qb8+ Be8 0-1

[Event "Tilburg Fontys"]
[Site "Tilburg"]
[Date "1997.10.09"]
[Round "11"]
[White "Onischuk, Alexander"]
[Black "Svidler, Peter"]
[Result "0-1"]
[WhiteElo "2625"]
[BlackElo "2660"]
[Annotator "Svidler,P"]
[PlyCount "76"]
[EventDate "1997.09.27"]
[EventType "tourn"]
[EventRounds "11"]
[EventCountry "NED"]
[EventCategory "17"]
[SourceTitle "CBM 061"]
[Source "ChessBase"]
[SourceDate "1997.11.23"]
[SourceVersion "1"]
[SourceVersionDate "1997.11.23"]
[SourceQuality "1"]

1. e4 c5 2. Nf3 d6 3. d4 cxd4 4. Nxd4 Nf6 5. Nc3 a6 6. Be2 e5 7. Nb3 Be7 8. O-O
O-O 9. Kh1 Qc7 10. g4 $5 Be6 11. g5 Nfd7 12. f4 (12. Be3 Nb6 $5 13. f4 (13. Nd5
Nxd5 14. exd5 Bf5 $15) 13... exf4 (13... Nc4 14. Bxc4 Bxc4 15. f5 $5 (15. Rf2
exf4 16. Bxf4 Nc6 $13) (15. Nd5 Bxd5 16. Qxd5 exf4 17. Bxf4 Nd7 $13) 15... Bxf1
16. Qxf1 $44) 14. Bxf4 Nc4 $13) (12. a4 $5 Nc6 (12... Nb6 $2 13. a5 Nc4 14. Nd5
Bxd5 15. Qxd5 $16) 13. Nd5 Qd8 14. Rg1 Re8 $13 {Malisauskas-Berezein, Swednica
Piatka 1997}) 12... exf4 13. Bxf4 Nc6 (13... Ne5 $5 14. Nd5 (14. Nd4 Nbd7 15.
Nxe6 fxe6 16. Bg4 Qc4 $15) 14... Bxd5 15. exd5 Nbd7) 14. Nd5 Bxd5 15. exd5 (15.
Qxd5 $5 Nde5 16. c3 Rfe8 17. Nd4 g6 $13) 15... Nce5 16. Nd4 g6 17. c4 Rfe8 18.
Rc1 Rac8 (18... Qd8 19. Rg1 Nc5 20. Qc2 a5 21. b3 Bf8 22. Rg3 $14 {
Onischuk-Lautier, Tilburg 1997}) 19. b4 $6 (19. b3 Qd8 20. Rg1 Bf8 $13) 19...
Qd8 20. Rg1 Bf8 $132 {xc4} 21. Qb3 (21. Qd2 Nb6 22. Bxe5 Rxe5 $15 (22... dxe5
23. Nb3 $13)) (21. Nf3 Bg7 $13) 21... Bg7 22. Rge1 $2 (22. Nf3 a5 $1 23. a3
axb4 24. axb4 Qb6 25. Be3 Nc5 $1 $17) (22. Rgd1 $142 Qe7 $1 23. Re1 $5 (23. Kg1
Nb6 $1 24. c5 (24. Bf1 Nexc4 25. Bxc4 Qe4) 24... dxc5 25. bxc5 Ned7 $1 26. cxb6
Bxd4+ 27. Rxd4 Rxc1+ 28. Bxc1 Qxe2 $17) (23. Nf3 $5 Ng4 24. Re1 $13) 23... Nxc4
(23... Nb6 $5 24. Bf1 Qd8 25. Nf3 $1 (25. Red1 Nexc4 26. Bxc4 Re4) 25... Nexc4
$2 26. Bxc4 Rxe1+ 27. Nxe1 Qe7 28. Ng2 $1 $18) 24. Rxc4 Rxc4 25. Qxc4 Nb6 $1 (
25... Qe4+ 26. Nf3 $18) 26. Qd3 Qe4+ 27. Qxe4 Rxe4 28. Bxd6 Bxd4 29. Rd1 Rxe2
30. Rxd4 Rxa2 31. Re4 $1 f5 32. Re8+ Kf7 33. Re7+ Kg8 $11) 22... Nb6 $17 23.
Red1 (23. Nf3 Nxf3 24. Qxf3 Nxc4 $17) 23... Nexc4 $1 24. Bxc4 Re4 25. Qf3 (25.
Nc6 bxc6 26. Bxa6 Rxf4 27. Bxc8 Qxc8 28. Rxc6 (28. dxc6 Be5 29. b5 (29. Rc2 Qf5
30. Qd3 Rf1+ $1 $19) 29... Qf5 30. Qd3 Qxg5 31. c7 Rf2 $19) 28... Qf5 29. Qd3
Rd4 $1 $19) (25. Bxa6 Rxf4 26. Rxc8 Qxc8 27. Ne2 Rf5 $19) 25... Rxd4 26. Rxd4
Bxd4 27. Bb3 (27. Bd3 Rxc1+ 28. Bxc1 Qc7 29. Bf4 (29. Bd2 Bc3 $19) 29... Qc3
30. Bxd6 Nxd5 $19) 27... Rxc1+ 28. Bxc1 Qc8 $1 29. Bf4 (29. Bd2 Nc4 30. Bf4 Ne5
$19) 29... Qf5 30. Kg2 Nc8 $1 (30... Nd7 31. Bxd6 Qxg5+ 32. Bg3 $15) 31. Bd2
Qe5 32. Bf4 Qe1 33. a3 Ne7 $1 34. Bxd6 Nf5 35. Bg3 Ne3+ 36. Kh3 Qc3 $1 (36...
Qb1 37. Qf4 $1 $13) 37. Qe4 (37. Bd1 Qc8+ 38. Kh4 h6 $1 39. Bf2 (39. Bf4 hxg5+
40. Bxg5 Nxd1 41. Qxd1 Bf2#) (39. gxh6 Ng2+ 40. Qxg2 Bf6#) 39... Nf5+ 40. Kh3
Bxf2 41. Qxf2 Ne3+ 42. Kg3 Nxd1 $19) 37... Qc8+ 38. Kh4 h5 $1 (38... h5 39. Bd1
$8 (39. Bf2 Nf5+ 40. Kh3 Nd6+) 39... Nxd1 40. Qxd4 Ne3 $19) 0-1

[Event "Tilburg Fontys"]
[Site "Tilburg"]
[Date "1996.10.22"]
[Round "10"]
[White "Svidler, Peter"]
[Black "Gelfand, Boris"]
[Result "1/2-1/2"]
[WhiteElo "2650"]
[BlackElo "2665"]
[Annotator "Svidler,P"]
[PlyCount "52"]
[EventDate "1996.10.11"]
[EventType "tourn"]
[EventRounds "11"]
[EventCountry "NED"]
[EventCategory "16"]
[SourceTitle "CBM 056"]
[Source "ChessBase"]
[SourceDate "1997.02.01"]
[SourceVersion "1"]
[SourceVersionDate "1997.02.01"]
[SourceQuality "1"]

1. e4 {Gutman,L} c5 2. Nf3 d6 3. d4 cxd4 4. Nxd4 Nf6 5. Nc3 a6 6. Be2 e5 7. Nb3
Be7 8. O-O O-O 9. Be3 Be6 10. Nd5 Nxd5 11. exd5 Bf5 12. Qd2 a5 (12... Nd7 13.
Na5 $1 $14 (13. a4 {Gutman,L} b6 14. f4 {Gutman: mit besserem Spiel für Weiß,
gibt J. Nunn in "Naidorf for the Tournament Player" an.})) 13. f4 $5 {Gutman:
Eine ehrgeizige Entscheidung. Meiner Meinung nach war 13.a4 mit etwas besseren
Aussichten für Weiß angemessener.} (13. c4 Nd7 14. f4 exf4 15. Bxf4 Bg6 16. Kh1
a4 17. Nd4 Nc5 18. Bf3 Nd3 19. Be3 Bf6 20. Bh5 Be4 21. Be2 Nc5 $17 {Borkowski,
F-Gralka,P/POL/1993/}) (13. a4 $142 {Gutman}) 13... exf4 (13... a4 $6 14. fxe5
$1 (14. Nc1 exf4 15. Rxf4 Bg6 16. Rb4 Qc7 17. Nd3 a3 18. b3 Bf6 19. Bd4 Na6 20.
Rc4 Qxc4 21. Bxf6 Qxd5 $19 {Rizouk,R-Bates,R/SVK/1993/}) 14... axb3 15. Rxf5
Rxa2 16. Rxa2 (16. Raf1 dxe5 (16... Rxb2 17. Bd3 dxe5 18. Qc3 Rxc2 (18... Ra2
19. Qxb3 (19. Bc4 Bd6 20. Bxb3 Ra8 $15) 19... Ra3 20. Qxb7 Nd7 $13) 19. Bxc2
bxc2 $13) 17. Bc4 Rxb2 18. Bxb3 (18. Qc3 Rxc2 19. Qxb3 Rxc4 20. Qxc4 Bd6) 18...
Qc7 (18... Bf6 19. Qc3 e4 20. Rxf6 Rxb3 21. Qxb3 gxf6 22. Bh6 $18) 19. d6 Qxd6
20. Qc3 (20. Rxf7 Rxf7 21. Bxf7+ Kh8 22. Qc3 Rb4 23. Qc8+ Qd8) 20... Rxb3 21.
Qxb3 Bf6 22. Qxb7 $16) 16... bxa2 17. Rf1 Nd7 (17... dxe5 18. Bc4 Qd6 19. Bxa2
Nd7 $10) 18. Ra1 Nxe5 $15) 14. Rxf4 (14. Bxf4 Bg6 $13) 14... Bg6 15. Ra4 $5 b6
(15... Re8 16. Bb5 $14) (15... Bf6 $5 16. Rxa5 Rxa5 17. Nxa5 Bxb2 18. Rb1 Qf6
19. Nc4 $1 (19. Nxb7 Bc3 $146) 19... Bc3 20. Bg5 $1 Qd4+ (20... Bxd2 21. Bxf6
Re8 (21... Bf4 22. Be7 Re8 23. Rxb7) 22. Kf2 Bf4 23. g3 $16) (20... Qf5 21.
Qxc3 Qxg5 22. Bf3 $16) 21. Qxd4 Bxd4+ 22. Be3 Bxc2 23. Rxb7 $14) 16. Nd4 Bf6
17. Rc4 (17. Nc6 Nxc6 18. dxc6 Qc7 (18... Qe8 19. c3 (19. Bb5 Bxb2 (19... Qe5
20. c4) 20. Rf1 Qe5 21. c4 Bc2 $1 $15) 19... Qxc6 (19... Be4 20. Rxe4 Qxe4 21.
Bf3 $146)) 19. Bf3 (19. c3 Rfe8) 19... b5 20. Rf4 Bxb2 21. Rb1 Be5 22. Rxb5
Rab8 23. c4 Bxf4 24. Bxf4 Rfd8 25. a4 $146) (17. Rc1 Nd7 18. Nc6 Qc7 19. Rc4
Nc5) (17. Bb5 {Gutman,L Gutman: bringt nichts ein wegen} Nd7 18. Nc6 Qc7 19. Z0
$140 Rfe8) 17... Re8 18. Re1 (18. Bg4 Na6 (18... Bxd4 19. Bxd4 Na6) 19. Nc6 Qc7
20. Ne5 Qe7 $17) (18. Bf3 Nd7 $1 19. Nc6 Ne5 20. Nxd8 Nxc4 21. Qf2 Nxe3 22. Re1
(22. Nc6 Bxb2 23. Rb1 Ba3 $17) 22... Bd4 23. c3 (23. Nc6 Ng4 $1) 23... Bc5 24.
b4 axb4 25. cxb4 Rxa2 26. bxc5 (26. Qxa2 Ng4+ $19) 26... Rxf2 27. Kxf2 Rxd8 28.
Rxe3 bxc5 $19) 18... Bxd4 19. Bxd4 Na6 20. Bf3 (20. Rc6 Nb4 21. Bxb6 Qb8 22.
Bc7 Qa7+ 23. Bb6 Qb8 $10) 20... Rxe1+ 21. Qxe1 Nb4 22. Qg3 b5 23. Rc3 Qf8 $1 {
Gutman: Schwarz hat die Initiative übernommen.} 24. Bb6 Nxc2 (24... Nxa2 $5 {
Gutman,L} 25. Rc6 Nb4 26. Rxd6 Nxc2 {Gutman: kommt stark in Betracht.}) 25. Rc6
(25. Bc7 b4 26. Rc6 Qe7 27. Bxd6 Qe3+ 28. Qf2 Qc1+ 29. Qf1 Qxb2) 25... Qe7 26.
Rxd6 Rc8 (26... Re8 27. h3 Ne1 (27... Ne3 28. Rc6 Nc4 29. Bc5) 28. Bg4 Qg5 (
28... Qe4 29. Bd7) 29. Bxa5 (29. Kh2 h5 30. Bd1 Qd2) 29... h5 30. Bxe1 hxg4 31.
Kh2 Re2 $146) 1/2-1/2